[Event "Corr"]
[Site "?"]
[Date "2002.03.01"]
[Round "?"]
[White "Gutsche Dieter (GER)"]
[Black "Pichler Maximilian (AUT)"]
[Result "1-0"]
[WhiteElo "2460"]
[BlackElo "2476"]
[PlyCount "61"]
[EventDate "2002.??.??"]
[Source "www.chesslib.no"]
[SourceDate "2004.05.04"]

1. e4 c5 2. Nf3 d6 3. d4 cxd4 4. Nxd4 Nf6 5. Nc3 a6 6. Bg5 e6 7. f4 b5 8. e5 dxe5 9. fxe5 Qc7 10. exf6 Qe5+ 11. Be2 Qxg5 12. Qd3 Qxf6 13. Rf1 Qe5 14. Rd1 Ra7 15. Ndxb5 Rd7 16. Qc4 Kd8 17. Nd4 Bd6 18. Nf3 Qa5 19. Rxd6 Rxd6 20. Qf4 Ke7 21. Ne5 f6 22. Qg4 Rg8 23. Nc4 Qc7 24. Nxd6 Qxd6 25. Rxf6 Qxh2 26. Rf3 Nd7 27. Qg5+ Kd6 28. Ne4+ Kc7 29. Qe7 Qg1+ 30. Kd2 Qh2 31. Rc3+ 1-0

[Event "Parcetic Memorial 5th"]
[Site "Sombor"]
[Date "1972.??.??"]
[Round "9"]
[White "Matulovic, Milan"]
[Black "Ermenkov, Evgenij P"]
[Result "1-0"]
[WhiteElo "2525"]
[BlackElo "2410"]
[PlyCount "55"]
[EventDate "1972.11.25"]
[Source "www.chesslib.no"]
[SourceDate "2004.05.04"]

1. e4 c5 2. Nf3 d6 3. d4 cxd4 4. Nxd4 Nf6 5. Nc3 a6 6. Bg5 e6 7. f4 b5 8. e5 dxe5 9. fxe5 Qc7 10. exf6 Qe5+ 11. Be2 Qxg5 12. Qd3 gxf6 13. Ne4 Qe5 14. Nf3 Qxb2 15. O-O f5 16. Nd6+ Bxd6 17. Qxd6 Qf6 18. Nd4 Nd7 19. Bf3 Ra7 20. Bc6 Qe7 21. Qb8 Qc5 22. Qxc8+ Ke7 23. Qxh8 Ne5 24. Qe8+ Kf6 25. c3 Re7 26. Qh8+ Kg6 27. Rae1 Nxc6 28. Re3 1-0

[Event "NED-ch33"]
[Site "Leeuwarden NED"]
[Date "1978.??.??"]
[Round "11"]
[White "Timman, Jan H"]
[Black "Van der Vliet, Fred"]
[Result "1/2-1/2"]
[WhiteElo "2585"]
[BlackElo "2345"]
[PlyCount "85"]
[EventDate "1978.??.??"]
[Source "www.chesslib.no"]
[SourceDate "2004.05.04"]

1. e4 c5 2. Nf3 d6 3. d4 cxd4 4. Nxd4 Nf6 5. Nc3 a6 6. Bg5 e6 7. f4 b5 8. e5 dxe5 9. fxe5 Qc7 10. Qe2 Nfd7 11. O-O-O Bb7 12. Qg4 Qxe5 13. Be2 Bc5 14. Rhf1 Bxd4 15. Rxd4 f6 16. Bh4 O-O 17. Rfd1 Qe3+ 18. Kb1 f5 19. Qh5 g6 20. Qg5 Qxg5 21. Bxg5 Ne5 22. g4 Nbc6 23. R4d2 fxg4 24. Ne4 Rf7 25. Nf6+ Kg7 26. Nxg4 h5 27. Ne3 Re8 28. h4 Nb4 29. Rd6 Nbc6 30. c4 bxc4 31. Nxc4 a5 32. Rxc6 Nxc6 33. Nd6 Ref8 34. Nxf7 Rxf7 35. Bc4 Bc8 36. Bd2 Re7 37. Bb5 Nb4 38. Bc3+ e5 39. a3 Bf5+ 40. Ka1 Nc2+ 41. Ka2 Nd4 42. Bxd4 exd4 43. Rxd4 1/2-1/2

[Event "Camaguey-A"]
[Site "Camaguey"]
[Date "1987.??.??"]
[Round "?"]
[White "Lanc, Alois"]
[Black "Verduga, Denis Homero"]
[Result "0-1"]
[WhiteElo "2495"]
[BlackElo "2435"]
[PlyCount "62"]
[EventDate "1987.05.??"]
[Source "ChessBase"]

1. e4 c5 2. Nf3 d6 3. d4 cxd4 4. Nxd4 Nf6 5. Nc3 a6 6. Bg5 e6 7. f4 b5 8. e5 dxe5 9. fxe5 Qc7 10. Qe2 Nfd7 11. O-O-O Bb7 12. Qg4 Qxe5 13. Be2 Bc5 14. Bf3 Bxd4 15. Bxb7 Bxc3 16. Bxa8 Bxb2+ 17. Kb1 Ba3 18. Bc1 Bxc1 19. Kxc1 Nb6 20. Rhe1 Qa1+ 21. Kd2 Qf6 22. Qf3 Qh6+ 23. Ke2 O-O 24. Be4 N8d7 25. Qe3 Qh4 26. Rf1 Nf6 27. Rf4 Qh6 28. Rff1 Nxe4 29. Qxe4 Nd5 30. Rd3 Rc8 31. Rh3 Qxh3 0-1

[Event "HUN-chT2 0203 Charousek"]
[Site "?"]
[Date "2003.02.02"]
[Round "6"]
[White "Parkanyi Attila"]
[Black "Ribli Zoltan"]
[Result "0-1"]
[WhiteElo "2352"]
[BlackElo "2574"]
[PlyCount "58"]
[EventDate "2003.??.??"]
[Source "www.chesslib.no"]
[SourceDate "2004.05.04"]

1. e4 c5 2. Nf3 d6 3. d4 cxd4 4. Nxd4 Nf6 5. Nc3 a6 6. Bg5 e6 7. f4 b5 8. Qf3 Bb7 9. Bd3 Nbd7 10. O-O-O Be7 11. Rhe1 Qb6 12. Nb3 b4 13. Ne2 a5 14. g4 a4 15. Nd2 Nc5 16. Kb1 b3 17. cxb3 axb3 18. a3 O-O 19. Nc3 Rfd8 20. Nc4 Qc6 21. Bf1 h6 22. Bh4 g5 23. fxg5 Nfxe4 24. Nxe4 Qxe4+ 25. Qxe4 Bxe4+ 26. Ka1 hxg5 27. Bf2 Bc2 28. Rc1 Bf6 29. Re2 Rxa3+ 0-1

[Event "II Magistral"]
[Site "Maipu"]
[Date "2003.11.09"]
[Round "5.2"]
[White "Vasquez, Rodrigo"]
[Black "Arancibia, Eduardo"]
[Result "1-0"]
[WhiteElo "2521"]
[BlackElo "2405"]
[PlyCount "92"]
[EventDate "2003.10.26"]
[Source "Roberto Alvarez"]
[SourceDate "2003.12.01"]

1. e4 c5 2. Nf3 d6 3. d4 cxd4 4. Nxd4 Nf6 5. Nc3 a6 6. Bg5 e6 7. f4 b5 8. e5 dxe5 9. fxe5 Qc7 10. exf6 Qe5+ 11. Be2 Qxg5 12. O-O Ra7 13. Qd3 Rd7 14. Ne4 Qe5 15. Nf3 Qc7 16. Qe3 Bb7 17. c4 Bxe4 18. Qxe4 gxf6 19. cxb5 Qb6+ 20. Kh1 axb5 21. a4 bxa4 22. Qxa4 Kd8 23. Qf4 Be7 24. Ra8 Rd6 25. Nd2 e5 26. Qa4 Rxd2 27. Rxb8+ Qxb8 28. Qa5+ Ke8 29. Qxd2 Rg8 30. Bd3 Rg4 31. Bxh7 Rb4 32. Bf5 Qd6 33. Qc3 Qc5 34. Qa3 Rd4 35. Qa8+ Rd8 36. Qa4+ Kf8 37. Qh4 Ke8 38. Qh8+ Bf8 39. Qxf6 Rd6 40. Be6 fxe6 41. Qxf8+ Kd7 42. h3 Kc6 43. Qa8+ Kb5 44. Ra1 Qb4 45. Qb7+ Rb6 46. Qd7+ Kc4 1-0

[Event "Marshall CC Ch"]
[Site "New York"]
[Date "2004.12.17"]
[Round "7"]
[White "Stripunsky, Alexander"]
[Black "Sarkar, Justin"]
[Result "0-1"]
[WhiteElo "2533"]
[BlackElo "2386"]
[PlyCount "110"]
[EventDate "2004.12.11"]
[Source "Roberto Alvarez"]
[SourceDate "2004.12.13"]

1. e4 c5 2. Nf3 d6 3. d4 cxd4 4. Nxd4 Nf6 5. Nc3 a6 6. Bg5 e6 7. f4 b5 8. e5 dxe5 9. fxe5 Qc7 10. exf6 Qe5+ 11. Be2 Qxg5 12. O-O Ra7 13. Qd3 Rd7 14. Ne4 Qe5 15. c3 Bb7 16. fxg7 Bxg7 17. Bf3 Nc6 18. Nxc6 Bxc6 19. Qc2 f5 20. Ng5 Bxf3 21. Nxf3 Qc5+ 22. Kh1 O-O 23. Rae1 Qd5 24. Rd1 Qc4 25. Rxd7 Qxf1+ 26. Ng1 Rf7 27. Rd8+ Bf8 28. Rd1 Qc4 29. b3 Qc7 30. Qe2 e5 31. Nf3 Qxc3 32. Qxe5 Qxe5 33. Nxe5 Re7 34. Rd5 Rc7 35. h3 Rc5 36. Rxc5 Bxc5 37. Nd7 Bd6 38. g4 fxg4 39. Nf6+ Kf7 40. Nxg4 Ke6 41. Kg2 Kd5 42. Nf6+ Kd4 43. Kf3 Be7 44. Nxh7 Kc3 45. Kg4 Kb2 46. Ng5 Kxa2 47. h4 Kxb3 48. h5 b4 49. Kf5 Ka2 50. h6 Bf8 51. h7 Bg7 52. Kg6 Bc3 53. Ne4 Bh8 54. Kf7 b3 55. Kg8 Bd4 0-1

[Event "Biel (open)"]
[Site "?"]
[Date "1988.??.??"]
[Round "?"]
[White "Rodriguez, Am"]
[Black "Stangl, M."]
[Result "1-0"]
[WhiteElo "2550"]
[BlackElo "2360"]
[PlyCount "77"]
[EventDate "1988.??.??"]
[Source "ChessBase"]
[SourceDate "1988.07.01"]

1. e4 c5 2. Nf3 d6 3. d4 cxd4 4. Nxd4 Nf6 5. Nc3 a6 6. Bg5 e6 7. f4 b5 8. e5 dxe5 9. fxe5 Qc7 10. exf6 Qe5+ 11. Be2 Qxg5 12. Qd3 Ra7 13. O-O Rd7 14. Ne4 Qe5 15. Nf3 Qxb2 16. Qe3 Bb7 17. a4 Qb4 18. c4 Bxe4 19. Qxe4 Qc5+ 20. Kh1 b4 21. Qf4 Bd6 22. fxg7 Rg8 23. Qh6 Be5 24. Qxh7 Rxg7 25. Qh8+ Ke7 26. Nxe5 Qxe5 27. Qh4+ Qg5 28. Qf2 Rc7 29. Rad1 Nd7 30. Rd4 Qc5 31. Qh4+ Qg5 32. Qf2 Qc5 33. Qf4 a5 34. Bh5 Qc6 35. Qh4+ Ke8 36. Rg4 Rxg4 37. Bxf7+ Kf8 38. Qxg4 Nf6 39. Bxe6 1-0

[Event "World Open"]
[Site "Philadelphia, PA USA"]
[Date "1993.??.??"]
[Round "6"]
[White "Shabalov, Alexander"]
[Black "Kelleher, William"]
[Result "0-1"]
[WhiteElo "2575"]
[BlackElo "2335"]
[PlyCount "33"]
[EventDate "1993.??.??"]
[Source "www.chesslib.no"]
[SourceDate "2004.05.04"]

1. e4 c5 2. Nf3 d6 3. d4 cxd4 4. Nxd4 Nf6 5. Nc3 a6 6. Bg5 e6 7. f4 b5 8. e5 dxe5 9. fxe5 Qc7 10. exf6 Qe5+ 11. Be2 Qxg5 12. Qd3 Qxf6 13. Rd1 Ra7 14. Qg3 Nd7 15. Nc6 Rb7 16. Ne4 Qxb2 17. O-O 0-1

[Event "GER-ch"]
[Site "Heringsdorf"]
[Date "2000.11.18"]
[Round "2"]
[White "Reeh, Oliver"]
[Black "Naumann, Alexander"]
[Result "0-1"]
[WhiteElo "2420"]
[BlackElo "2489"]
[PlyCount "66"]
[EventDate "2000.11.17"]
[Source "ChessBase"]
[SourceDate "2001.01.25"]

1. e4 c5 2. Nf3 d6 3. d4 cxd4 4. Nxd4 Nf6 5. Nc3 a6 6. Bg5 e6 7. f4 b5 8. e5 dxe5 9. fxe5 Qc7 10. Nf3 b4 11. exf6 bxc3 12. fxg7 Bxg7 13. b3 Nd7 14. Be2 Bb7 15. O-O Nb6 16. Kh1 Nd5 17. Bc4 h6 18. Bxd5 Bxd5 19. Bh4 O-O 20. Qe2 f5 21. Rad1 Qf4 22. Be7 Rfe8 23. Bc5 Kh7 24. Be3 Qg4 25. Qf2 Rg8 26. h3 Qh5 27. Rxd5 exd5 28. Nd4 f4 29. Bxf4 Rae8 30. Nf3 Re4 31. Bh2 Rge8 32. Qc5 Re2 33. Rd1 Qg6 0-1

[Event "FMDA Team Ch"]
[Site "Buenos Aires ARG"]
[Date "1992.??.??"]
[Round "7"]
[White "Spangenberg, Hugo H"]
[Black "Ricardi, Pablo"]
[Result "0-1"]
[WhiteElo "2440"]
[BlackElo "2465"]
[PlyCount "52"]
[EventDate "1992.??.??"]
[Source "www.chesslib.no"]
[SourceDate "2004.05.04"]

1. e4 c5 2. Nf3 d6 3. d4 cxd4 4. Nxd4 Nf6 5. Nc3 a6 6. Bg5 e6 7. f4 b5 8. e5 dxe5 9. fxe5 Qc7 10. Qe2 Nfd7 11. O-O-O Bb7 12. Qh5 g6 13. Qg4 Qxe5 14. Kb1 h5 15. Qh4 Bg7 16. Bxb5 axb5 17. Rhe1 Qc5 18. Nxe6 fxe6 19. Rxe6+ Kf7 20. Re7+ Kg8 21. Be3 Qf5 22. Bd4 Rh7 23. Re8+ Nf8 24. Bxg7 Rxg7 25. Rdd8 Rf7 26. Qb4 Nc6 0-1

[Event "Polanica Zdroj Open"]
[Site "Polanica Zdroj POL"]
[Date "1995.??.??"]
[Round "10"]
[White "Stripunsky, Alexander"]
[Black "Jaracz, Pawel"]
[Result "1-0"]
[WhiteElo "2495"]
[BlackElo "2410"]
[PlyCount "47"]
[EventDate "1995.08.??"]
[Source "www.chesslib.no"]
[SourceDate "2004.05.04"]

1. e4 c5 2. Nf3 d6 3. d4 cxd4 4. Nxd4 Nf6 5. Nc3 a6 6. Bg5 e6 7. f4 b5 8. e5 dxe5 9. fxe5 Qc7 10. exf6 Qe5+ 11. Be2 Qxg5 12. O-O Bb7 13. Bf3 Qe3+ 14. Kh1 Bxf3 15. Rxf3 Qe5 16. Qd2 Bd6 17. g4 b4 18. Nf5 Bc7 19. Re1 Qxh2+ 20. Qxh2 Bxh2 21. fxg7 Rg8 22. Nd5 Nd7 23. Kxh2 Kd8 24. Nde7 1-0

[Event "BCF Ch"]
[Site "Brighton ENG"]
[Date "1984.??.??"]
[Round "5"]
[White "Thipsay, Praveen Mahadeo"]
[Black "Hodgson, Julian M"]
[Result "1-0"]
[WhiteElo "2445"]
[BlackElo "2450"]
[PlyCount "83"]
[EventDate "1984.08.??"]
[Source "www.chesslib.no"]
[SourceDate "2004.05.04"]

1. e4 c5 2. Nf3 d6 3. d4 cxd4 4. Nxd4 Nf6 5. Nc3 a6 6. Bg5 e6 7. f4 b5 8. e5 dxe5 9. fxe5 Qc7 10. Qe2 Nfd7 11. O-O-O Bb7 12. Qg4 Qxe5 13. Bd3 h6 14. Bh4 g5 15. Rhe1 h5 16. Qh3 Qf4+ 17. Kb1 Qxh4 18. Rxe6+ fxe6 19. Qxe6+ Kd8 20. Bf5 Rh6 21. Qf7 g4 22. Bxd7 Qe7 23. Nc6+ Nxc6 24. Be6+ Kc7 25. Nd5+ Kb8 26. Nxe7 Rxe6 27. Qxf8+ Ka7 28. Qf2+ Kb8 29. Qf4+ Ka7 30. Qf2+ Kb8 31. Nd5 Ne5 32. Nb6 Re8 33. Nxa8 Kxa8 34. Re1 Rd8 35. a4 Nc4 36. axb5 axb5 37. Qc5 Nd2+ 38. Ka1 Rc8 39. Qxb5 Rc6 40. b3 h4 41. Kb2 h3 42. Qa5+ 1-0

[Event "5th Open"]
[Site "Marseille"]
[Date "2004.06.30"]
[Round "6"]
[White "Gouliev, Namig"]
[Black "Guidarelli, Laurent"]
[Result "1-0"]
[WhiteElo "2449"]
[BlackElo "2444"]
[PlyCount "79"]
[EventDate "2004.06.26"]
[Source "Roberto Alvarez"]
[SourceDate "2004.07.12"]

1. e4 c5 2. Nf3 d6 3. d4 cxd4 4. Nxd4 Nf6 5. Nc3 a6 6. Bg5 e6 7. f4 b5 8. Qf3 Bb7 9. Bd3 Nbd7 10. O-O-O Rc8 11. Rhe1 Qb6 12. Nb3 b4 13. Ne2 Be7 14. Kb1 h6 15. Bxf6 Bxf6 16. g4 g5 17. Rf1 gxf4 18. Nxf4 Rf8 19. Qe2 Ke7 20. Nh5 Be5 21. Rf3 a5 22. Bb5 Bxe4 23. Qxe4 Qxb5 24. Rdf1 Rc4 25. Qd3 Bh8 26. Nd2 Rc5 27. Qh7 Ne5 28. R3f2 a4 29. h3 b3 30. axb3 axb3 31. Nxb3 Rc4 32. Nf4 Qe8 33. c3 Bf6 34. Nxe6 Kxe6 35. Rxf6+ Ke7 36. Nd4 Qa8 37. Re6+ Kd8 38. Rxd6+ Kc7 39. Nb5+ Kc8 40. Qf5+ 1-0

[Event "CRO-chT"]
[Site "Pula"]
[Date "1999.09.10"]
[Round "2"]
[White "Kutuzovic, B."]
[Black "Feletar, D."]
[Result "1/2-1/2"]
[WhiteElo "2480"]
[BlackElo "2411"]
[PlyCount "61"]
[EventDate "1999.09.05"]
[Source "www.chesslib.no"]
[SourceDate "2004.05.04"]

1. e4 c5 2. Nf3 d6 3. d4 Nf6 4. Nc3 cxd4 5. Nxd4 a6 6. Bg5 e6 7. f4 b5 8. e5 dxe5 9. fxe5 Qc7 10. Qe2 Nfd7 11. O-O-O Bb7 12. Qg4 Qb6 13. Be2 Nxe5 14. Qh3 Nbd7 15. Rhe1 h6 16. Bh4 g6 17. Bg4 h5 18. Bxe6 Bh6+ 19. Kb1 fxe6 20. Nxe6 Kf7 21. Rxd7+ Nxd7 22. Nf4 Bxf4 23. Qxd7+ Kg8 24. Re7 Be5 25. Rxe5 Rh7 26. Re8+ Rxe8 27. Qxe8+ Kg7 28. Qe7+ Kg8 29. Qe8+ Kg7 30. Qe7+ Kg8 31. Qe8+ 1/2-1/2

[Event "RUS-Cup1 Chigorin mem"]
[Site "St Petersburg"]
[Date "1996.??.??"]
[Round "6"]
[White "Soloviov, Sergei"]
[Black "Nepomnishay, Mikhail I"]
[Result "0-1"]
[WhiteElo "2410"]
[BlackElo "2480"]
[PlyCount "116"]
[EventDate "1996.11.??"]
[Source "ChessBase"]

1. e4 c5 2. Nf3 d6 3. d4 cxd4 4. Nxd4 Nf6 5. Nc3 a6 6. Bg5 e6 7. f4 b5 8. e5 dxe5 9. fxe5 Qc7 10. Qe2 Nfd7 11. O-O-O Nc6 12. Nxc6 Qxc6 13. Qd2 b4 14. Ne2 h6 15. Bh4 Bb7 16. Nd4 Qd5 17. Be2 Nxe5 18. Rhe1 g5 19. Bh5 O-O-O 20. Rxe5 Qxe5 21. Bg3 Qxd4 22. Qxd4 Rxd4 23. Rxd4 Bd5 24. Bxf7 Bc5 25. Rd1 Rf8 26. Bh5 Be3+ 27. Kb1 Bf4 28. Bg4 Kc7 29. a3 bxa3 30. bxa3 Bxg3 31. hxg3 Rf2 32. Rh1 Rf6 33. Re1 Kd6 34. Re2 Rf1+ 35. Kb2 Rg1 36. Kc3 Rxg2 37. Rxg2 Bxg2 38. Be2 a5 39. Kd4 Bd5 40. Ke3 e5 41. g4 Bf7 42. Bf3 Be8 43. Be2 Bg6 44. c3 Kd5 45. Kd2 Be8 46. Ke3 Bf7 47. Bd1 Bg6 48. Be2 Bb1 49. Ba6 Bc2 50. Kd2 Ba4 51. Kd3 Bd1 52. Bb7+ Kd6 53. Bc8 h5 54. gxh5 Bxh5 55. Ke4 Bd1 56. Kf5 g4 57. Kg5 g3 58. Bb7 Bb3 0-1

[Event "XIX Czech Chladek & Tintera A Open"]
[Site "Pardubice CEC"]
[Date "2008.07.19"]
[Round "2"]
[White "Maslak, K."]
[Black "Grandelius, N."]
[Result "1-0"]
[WhiteElo "2521"]
[BlackElo "2366"]
[PlyCount "75"]
[EventDate "2008.07.18"]
[Source "www.chesslib.no"]
[SourceDate "2004.05.04"]

1. e4 c5 2. Nf3 d6 3. d4 cxd4 4. Nxd4 Nf6 5. Nc3 a6 6. Bg5 e6 7. f4 b5 8. e5 dxe5 9. fxe5 Qc7 10. exf6 Qe5+ 11. Be2 Qxg5 12. O-O Ra7 13. Qd3 Rd7 14. Ne4 Qe5 15. Nf3 Qxb2 16. Qe3 Bb7 17. a4 Qb4 18. c4 Bxe4 19. Qxe4 Qc5+ 20. Kh1 b4 21. Qf4 Qc7 22. Ne5 g6 23. Qe4 Rd8 24. Bg4 Bc5 25. Nxf7 Kxf7 26. Bxe6+ Kf8 27. Qh4 h6 28. Qe4 Nc6 29. Rae1 Nd4 30. Qxg6 Qh7 31. Qh5 Bb6 32. Bd5 Bc5 33. Re7 Bxe7 34. fxe7+ Kxe7 35. Rf7+ Qxf7 36. Qxf7+ Kd6 37. Qf4+ Kc5 38. Qc7+ 1-0

[Event "Las Palmas"]
[Site "Las Palmas ESP"]
[Date "1977.??.??"]
[Round "7"]
[White "Martin Gonzalez, Angel"]
[Black "Browne, Walter S"]
[Result "1-0"]
[WhiteElo "2340"]
[BlackElo "2545"]
[PlyCount "79"]
[EventDate "1977.05.07"]
[Source "www.chesslib.no"]
[SourceDate "2004.05.04"]

1. e4 c5 2. Nf3 d6 3. d4 cxd4 4. Nxd4 Nf6 5. Nc3 a6 6. Bg5 e6 7. f4 b5 8. Bd3 Nbd7 9. Qe2 Qb6 10. Nf3 b4 11. Nd1 Bb7 12. Nf2 Nc5 13. O-O-O Be7 14. Kb1 d5 15. e5 Nfe4 16. Bxe4 Nxe4 17. Nxe4 dxe4 18. Nd2 Qb5 19. Qg4 Bxg5 20. fxg5 O-O-O 21. Qf4 Kb8 22. b3 Qe2 23. Rhe1 Qxg2 24. Rg1 Qe2 25. Rge1 Qh5 26. Kc1 h6 27. h4 hxg5 28. hxg5 Qh4 29. Qe3 Rh5 30. Qb6 Qxg5 31. Rg1 Qe7 32. Nxe4 Rhh8 33. Nc5 Kc8 34. Qxb4 Bf3 35. Rd4 Rxd4 36. Qxd4 Rd8 37. Qc3 Qc7 38. Rxg7 Bh5 39. Rg3 a5 40. Qc4 1-0

[Event "6. EICC"]
[Site "?"]
[Date "2005.06.26"]
[Round "8"]
[White "Mamedov Rauf"]
[Black "Mazi Leon"]
[Result "1-0"]
[WhiteElo "2511"]
[BlackElo "2365"]
[PlyCount "65"]
[EventDate "2005.??.??"]
[Source "www.chesslib.no"]
[SourceDate "2004.05.04"]

1. e4 c5 2. Nf3 d6 3. Nc3 Nf6 4. d4 cxd4 5. Nxd4 a6 6. Bg5 e6 7. f4 b5 8. e5 dxe5 9. fxe5 Qc7 10. exf6 Qe5+ 11. Be2 Qxg5 12. O-O Ra7 13. Qd3 Rd7 14. Ne4 Qe5 15. Nf3 Qc7 16. Qe3 Bb7 17. Bd3 Rd5 18. Kh1 Nd7 19. fxg7 Bxg7 20. Nfg5 Rf8 21. Rae1 Qc6 22. Qg3 Be5 23. Qh4 f5 24. Be2 fxe4 25. Bh5+ Ke7 26. Rxf8 Nxf8 27. Nxh7+ Kd6 28. Nxf8 Qxc2 29. Qd8+ Kc5 30. Nxe6+ Kc4 31. Qa5 Rd2 32. Qb6 Bd5 33. Qc5+ 1-0

[Event "Open"]
[Site "Caorle open"]
[Date "1991.??.??"]
[Round "9"]
[White "Tseitlin, Mark D"]
[Black "Van Wely, Loek"]
[Result "1/2-1/2"]
[WhiteElo "2415"]
[BlackElo "2460"]
[PlyCount "149"]
[EventDate "1991.??.??"]
[Source "www.chesslib.no"]
[SourceDate "2004.05.04"]

1. e4 c5 2. Nf3 d6 3. d4 cxd4 4. Nxd4 Nf6 5. Nc3 a6 6. Bg5 e6 7. f4 b5 8. e5 dxe5 9. fxe5 Qc7 10. exf6 Qe5+ 11. Be2 Qxg5 12. Qd3 Ra7 13. Ne4 Qe5 14. O-O Rd7 15. c3 Bb7 16. Bf3 Bxe4 17. Bxe4 gxf6 18. Rae1 Bc5 19. Rd1 Ke7 20. Rd2 Rhd8 21. Rfd1 Bxd4+ 22. cxd4 Rxd4 23. Qxd4 Rxd4 24. Rxd4 f5 25. Bf3 Kf6 26. b4 a5 27. bxa5 Qc7 28. g4 fxg4 29. Rxg4 Nd7 30. Bg2 Ne5 31. Re4 Ng6 32. h4 h5 33. Rf1+ Kg7 34. Bf3 Qg3+ 35. Kh1 Qh3+ 36. Kg1 Nxh4 37. Re3 Nf5 38. Rb3 Qg3+ 39. Bg2 Ne3 40. Rf2 Qe5 41. Bf1 Qd4 42. Kh1 Nxf1 43. Rxf1 Qa4 44. Rg1+ Kh6 45. Rf3 f5 46. Re3 Qh4+ 47. Kg2 e5 48. a6 Qa4 49. Rf1 Qxa2+ 50. Rf2 Qd5+ 51. Kh2 Qd4 52. Ree2 b4 53. Rd2 Qh4+ 54. Kg1 b3 55. Rd6+ Kg5 56. Rg2+ Kf4 57. Rd1 Qe7 58. Ra1 Qa7+ 59. Kh2 e4 60. Rb2 Qd4 61. Rf1+ Kg5 62. Rxb3 Qd6+ 63. Rg3+ Kf6 64. a7 Qa6 65. Rh3 Qa2+ 66. Kh1 Qxa7 67. Rxh5 Qd7 68. Rhxf5+ Qxf5 69. Kg2 Qxf1+ 70. Kxf1 Ke5 71. Ke2 Kd4 72. Kd2 e3+ 73. Ke2 Ke4 74. Ke1 Kd4 75. Ke2 1/2-1/2

[Event "Bucharest Primavara"]
[Site "Bucharest"]
[Date "1998.??.??"]
[Round "2"]
[White "Vasiesiu, Dan"]
[Black "Berezin, Oleg"]
[Result "1-0"]
[WhiteElo "2420"]
[BlackElo "2455"]
[PlyCount "41"]
[EventDate "1998.??.??"]
[Source "www.chesslib.no"]
[SourceDate "2004.05.04"]

1. e4 c5 2. Nf3 d6 3. d4 cxd4 4. Nxd4 Nf6 5. Nc3 a6 6. Bg5 e6 7. f4 b5 8. e5 dxe5 9. fxe5 Qc7 10. Qe2 Nfd7 11. O-O-O Nc6 12. Nxc6 Qxc6 13. Qd3 Bb7 14. Be2 Qc7 15. Rhf1 h6 16. Bh5 Nxe5 17. Qg3 hxg5 18. Bxf7+ Qxf7 19. Qxe5 Qe7 20. Nxb5 Bd5 21. Nc7+ 1-0

[Event "Midwest Masters Open"]
[Site "Chicago, IL USA"]
[Date "1986.??.??"]
[Round "4"]
[White "Gruenfeld, Yehuda"]
[Black "Buzbuchi, Ionut"]
[Result "1-0"]
[WhiteElo "2535"]
[BlackElo "2340"]
[PlyCount "77"]
[EventDate "1986.??.??"]
[Source "www.chesslib.no"]
[SourceDate "2004.05.04"]

1. e4 c5 2. Nf3 d6 3. d4 cxd4 4. Nxd4 Nf6 5. Nc3 a6 6. Bg5 e6 7. f4 b5 8. e5 dxe5 9. fxe5 Qc7 10. Qe2 Nfd7 11. O-O-O Bc5 12. Nf3 Bb7 13. Ne4 Bxe4 14. Qxe4 Nc6 15. Kb1 Rc8 16. Bd3 Ncxe5 17. Bf4 Bd6 18. Qd4 Nxf3 19. Qxg7 Bxf4 20. Qxh8+ Ke7 21. Qxh7 Ng5 22. Qh4 Nc5 23. c3 Qe5 24. Rhe1 Rh8 25. Rxe5 Rxh4 26. Rxc5 Rxh2 27. g3 Bd2 28. Rc7+ Kd6 29. Ra7 f5 30. Rxa6+ Ke5 31. Bxb5 Ne4 32. Bc4 Rh6 33. Bd3 Rh2 34. Bc4 Rh6 35. g4 fxg4 36. Bd3 Rh2 37. Ra5+ Kf4 38. Ra4 Ke3 39. Rxe4+ 1-0

[Event "IV Open, Malaga ESP"]
[Site "?"]
[Date "2001.??.??"]
[Round "3"]
[White "Fernandez Romero, Ern"]
[Black "Vera, R."]
[Result "1/2-1/2"]
[WhiteElo "2310"]
[BlackElo "2560"]
[PlyCount "47"]
[EventDate "2001.??.??"]
[Source "www.chesslib.no"]
[SourceDate "2004.05.04"]

1. e4 c5 2. Nf3 d6 3. d4 cxd4 4. Nxd4 Nf6 5. Nc3 a6 6. Bg5 e6 7. f4 b5 8. e5 dxe5 9. fxe5 Qc7 10. Nf3 b4 11. exf6 bxc3 12. b3 Nd7 13. fxg7 Bxg7 14. Bd3 Bb7 15. O-O h6 16. Bh4 Ne5 17. Nxe5 Qxe5 18. Re1 Qc5+ 19. Kh1 O-O 20. Qe2 a5 21. a4 Bd5 22. Be4 Bxe4 23. Qxe4 Rab8 24. Qf3 1/2-1/2

[Event "New York op"]
[Site "New York"]
[Date "1989.??.??"]
[Round "2"]
[White "Wolff, Patrick G"]
[Black "Pliester, Leon"]
[Result "1-0"]
[WhiteElo "2485"]
[BlackElo "2385"]
[PlyCount "41"]
[EventDate "1989.03.??"]
[Source "ChessBase"]

1. e4 c5 2. Nf3 d6 3. d4 cxd4 4. Nxd4 Nf6 5. Nc3 a6 6. Bg5 e6 7. f4 b5 8. e5 dxe5 9. fxe5 Qc7 10. exf6 Qe5+ 11. Be2 Qxg5 12. O-O Qe5 13. Nf3 Qxf6 14. Ne4 Qf4 15. Nfg5 Qe3+ 16. Kh1 Ra7 17. Bh5 g6 18. Nf6+ Ke7 19. Nd5+ exd5 20. Re1 Qxe1+ 21. Qxe1+ 1-0

[Event "Petroff mem op"]
[Site "St Petersburg"]
[Date "2000.02.14"]
[Round "7"]
[White "Kokarev, Dmitry"]
[Black "Vorobiov, Evgeny E"]
[Result "0-1"]
[WhiteElo "2370"]
[BlackElo "2500"]
[PlyCount "50"]
[EventDate "2000.02.05"]
[Source "www.chesslib.no"]
[SourceDate "2004.05.04"]

1. e4 c5 2. Nf3 d6 3. d4 cxd4 4. Nxd4 Nf6 5. Nc3 a6 6. Bg5 e6 7. f4 b5 8. e5 dxe5 9. fxe5 Qc7 10. Qe2 Nfd7 11. O-O-O Bb7 12. Qh5 g6 13. Qh4 Bg7 14. Bxb5 O-O 15. Bxd7 Nxd7 16. Be7 Nxe5 17. Bxf8 Rxf8 18. Qg3 Qb6 19. Nb3 Nc4 20. Kb1 Rc8 21. Rd3 Be5 22. Qg5 Qf2 23. Rhd1 Bf6 24. Qh6 Be4 25. Rd8+ Rxd8 0-1

[Event "SLO-chT"]
[Site "Celje"]
[Date "2003.11.19"]
[Round "4"]
[White "Mazi, Leon"]
[Black "Borisek, Jure"]
[Result "0-1"]
[WhiteElo "2422"]
[BlackElo "2445"]
[PlyCount "104"]
[EventDate "2003.11.17"]
[Source "Roberto Alvarez"]
[SourceDate "2003.11.24"]

1. e4 c5 2. Nf3 d6 3. d4 cxd4 4. Nxd4 Nf6 5. Nc3 a6 6. Bg5 e6 7. f4 b5 8. e5 dxe5 9. fxe5 Qc7 10. exf6 Qe5+ 11. Be2 Qxg5 12. O-O Qe5 13. Nf3 Qc7 14. Ne4 g6 15. Qd3 Nd7 16. Rad1 Bb7 17. Nfg5 Ne5 18. Nd6+ Bxd6 19. Qxd6 Qxd6 20. Rxd6 O-O 21. Rf4 h6 22. Nf3 Bxf3 23. gxf3 Ra7 24. Rfd4 g5 25. f4 gxf4 26. Rxf4 Kh7 27. Kf2 Rc8 28. c3 Rc5 29. Rd8 Rd7 30. Rxd7 Nxd7 31. Bd3+ Kg8 32. Ke3 Rg5 33. a4 Nb6 34. Rd4 Nd5+ 35. Kf3 Nxf6 36. axb5 axb5 37. Rb4 e5 38. h4 Rh5 39. Bxb5 e4+ 40. Kg3 Re5 41. Be2 Kf8 42. Kf4 Rd5 43. c4 Rd2 44. Ke3 Rc2 45. Rb6 Nd7 46. Rb5 Ke7 47. b4 Kf8 48. Rd5 Ne5 49. c5 Nc6 50. Rd6 Ke8 51. Bd1 Rh2 52. Rxh6 Nxb4 0-1

[Event "Fortaleza zt"]
[Site "Fortaleza BRA"]
[Date "1975.??.??"]
[Round "11"]
[White "Bronstein, Luis M"]
[Black "Quinteros, Miguel A"]
[Result "0-1"]
[WhiteElo "2355"]
[BlackElo "2505"]
[PlyCount "82"]
[EventDate "1975.??.??"]
[Source "www.chesslib.no"]
[SourceDate "2004.05.04"]

1. e4 c5 2. Nf3 d6 3. d4 cxd4 4. Nxd4 Nf6 5. Nc3 a6 6. Bg5 e6 7. f4 b5 8. e5 dxe5 9. fxe5 Qc7 10. Qe2 Nfd7 11. O-O-O Bb7 12. Qh5 g6 13. Qh4 Qxe5 14. Re1 Qc5 15. Bd3 Nc6 16. Nb3 Qd6 17. Ne4 Qc7 18. Bf4 Qd8 19. Bg5 Qc7 20. Bf4 Qd8 21. Qf2 Be7 22. Nd6+ Bxd6 23. Bxd6 Qg5+ 24. Kb1 Qd5 25. Qg3 e5 26. Bc7 O-O 27. Rd1 Nd4 28. Nxd4 exd4 29. Rd2 Rac8 30. Rhd1 Nc5 31. Bf4 Rfe8 32. Bf1 Ne4 33. Qh4 g5 34. Qg4 h5 35. Qxh5 gxf4 36. Qg4+ Qg5 37. Qxg5+ Nxg5 38. Rxd4 Ne6 39. Rd7 Rcd8 40. Kc1 Rxd7 41. Rxd7 Nc5 0-1